[Event "SG Bochum 3 - SC Gerthe - Werne 1"]
[Site "Verbandsliga, Gruppe 2 2017/2"]
[Date "2017.09.17"]
[Round "1.5"]
[White "Loeffelbein, Klaus"]
[Black "Biermann, Florian"]
[Result "0-1"]
[WhiteElo "1855"]
[BlackElo "1921"]
[PlyCount "54"]
[EventDate "2017.??.??"]

1. d4 Nf6 2. c4 c5 3. d5 b5 4. a4 bxc4 5. Nc3 g6 6. e4 d6 7. Bxc4 Bg7 8. Nf3
Bg4 9. Bb5+ Nbd7 10. h3 Bxf3 11. Qxf3 O-O 12. Bxd7 Nxd7 13. O-O Rb8 14. Qe2 Rb4
15. a5 Qc7 16. Re1 Rb3 17. Qc2 Rfb8 18. f4 c4 19. Re2 Nc5 20. Nd1 Nd3 21. Ra4
c3 22. bxc3 Nxc1 23. Qxc1 Rb1 24. Qd2 Bxc3 25. Qd3 R8b3 26. Kh2 Bxa5 27. Qa6
Rxd1 0-1

[Event "SG Bochum 3 - SC Gerthe - Werne 1"]
[Site "Verbandsliga, Gruppe 2 2017/2"]
[Date "2017.09.17"]
[Round "1.6"]
[White "Biermann, Lenhard"]
[Black "Melmer, Felix"]
[Result "1-0"]
[WhiteElo "1938"]
[BlackElo "1867"]
[PlyCount "47"]
[EventDate "2017.??.??"]

1. d4 f5 2. g3 Nf6 3. Bg2 g6 4. Nh3 Bg7 5. Nf4 d6 6. Nc3 Na6 7. d5 O-O 8. h4
Ng4 9. h5 gxh5 10. f3 Ne5 11. Nxh5 Bh8 12. Bh6 Re8 13. Qd2 Nf7 14. g4 c6 15.
gxf5 Bxf5 16. Bh3 Bg6 17. Nf4 e5 18. Nxg6 hxg6 19. O-O-O Bg7 20. Bxg7 Kxg7 21.
Rhg1 Nc5 22. Bf5 Nh8 23. dxc6 bxc6 24. Qxd6 1-0

[Event "SG Bochum 3 - SC Gerthe - Werne 1"]
[Site "Verbandsliga, Gruppe 2 2017/2"]
[Date "2017.09.17"]
[Round "1.7"]
[White "Meise, Ulrich"]
[Black "Zeldin, Vitali"]
[Result "0-1"]
[WhiteElo "1858"]
[BlackElo "1970"]
[PlyCount "88"]
[EventDate "2017.??.??"]

1. e4 c5 2. c3 Nf6 3. e5 Nd5 4. d4 cxd4 5. cxd4 d6 6. exd6 Qxd6 7. Nc3 Nxc3 8.
bxc3 Nc6 9. Nf3 Bg4 10. Bc4 e6 11. O-O Be7 12. Re1 O-O 13. a4 Qc7 14. Bd3 Rfd8
15. h3 Bh5 16. Rb1 Bg6 17. Bxg6 hxg6 18. Bg5 Na5 19. Qd3 Rac8 20. Bxe7 Qxe7 21.
Ne5 b6 22. Re3 Qa3 23. h4 Qxa4 24. h5 gxh5 25. Rh3 Nc4 26. Rxh5 Nxe5 27. Qh7+
Kf8 28. dxe5 Qg4 29. Rh3 Qf5 30. Qh8+ Ke7 31. Qh4+ g5 32. Qb4+ Rc5 33. Ra1 Rd7
34. Re3 Kf8 35. Qa4 Rdc7 36. Qd4 Kg7 37. Rae1 Rd5 38. Qa4 Rcd7 39. Rf3 Qg6 40.
g4 b5 41. Qb3 a5 42. Rf6 Qh7 43. Rf3 a4 44. Qb4 Rxe5 0-1

[Event "SG Bochum 3 - SC Gerthe - Werne 1"]
[Site "Verbandsliga, Gruppe 2 2017/2"]
[Date "2017.09.17"]
[Round "1.8"]
[White "Stachnik, Adam"]
[Black "Kalle, Yannis"]
[Result "1-0"]
[WhiteElo "1773"]
[BlackElo "1710"]
[PlyCount "35"]
[EventDate "2017.??.??"]

1. e4 c5 2. d4 cxd4 3. c3 d5 4. exd5 Qxd5 5. cxd4 Nc6 6. Be3 e6 7. a3 Nf6 8.
Nc3 Qa5 9. Nf3 Ne4 10. Qc2 Nxc3 11. bxc3 e5 12. Bc4 exd4 13. Nxd4 Bd6 14. Nxc6
bxc6 15. Qe4+ Kf8 16. O-O Qe5 17. Qxe5 Bxe5 18. Bc5+ 1-0

[Event "SW Oberhausen 1 - SF Buer 1"]
[Site "Verbandsklasse, Gruppe 1 2017"]
[Date "2017.09.17"]
[Round "1.1"]
[White "Große-Frintrop, Gerd"]
[Black "Puetter, Pascal"]
[Result "1-0"]
[WhiteElo "1962"]
[BlackElo "1972"]
[Annotator "Daniel"]
[PlyCount "37"]
[EventDate "2017.??.??"]

1. d4 d5 2. c4 c6 3. cxd5 cxd5 4. Nc3 Nf6 5. Nf3 Nc6 6. Bf4 Bf5 7. e3 e6 8. Bb5
Bb4 9. Ne5 Rc8 10. Qa4 Bxc3+ 11. bxc3 O-O 12. Bxc6 bxc6 13. O-O Qb6 $11 14. f3
Qb5 15. Qxa7 c5 16. g4 Bc2 17. dxc5 Rfd8 18. Qxf7+ Kh8 19. Qxe6 1-0

[Event "SW Oberhausen 1 - SF Buer 1"]
[Site "Verbandsklasse, Gruppe 1 2017"]
[Date "2017.09.17"]
[Round "1.2"]
[White "Hortolani, Sven-Holger"]
[Black "Renk, Christoph"]
[Result "1/2-1/2"]
[WhiteElo "2083"]
[BlackElo "1975"]
[PlyCount "75"]
[EventDate "2017.??.??"]

1. Nf3 d5 2. g3 Nf6 3. Bg2 e6 4. c4 Be7 5. b3 O-O 6. Bb2 Re8 7. O-O b6 8. Qc2
Bb7 9. d4 Nbd7 10. Nc3 c6 11. e4 dxe4 12. Nxe4 Qc7 13. Rad1 Nxe4 14. Qxe4 c5
15. Qe2 Rad8 16. Rfe1 cxd4 17. Rxd4 Bxf3 18. Bxf3 Bf6 19. Rg4 Kf8 20. Kg2 Bxb2
21. Qxb2 Nf6 22. Rd4 Rxd4 23. Qxd4 Rd8 24. Qc3 Qc5 25. Rc1 a5 26. Qb2 Rd4 27.
a3 Qd6 28. Re1 g5 29. Rd1 Rxd1 30. Bxd1 Ke7 31. Be2 Nd7 32. b4 axb4 33. axb4
Qe5 34. Qc2 h6 35. h3 Qd4 36. Qh7 Ne5 37. Qc2 Nd7 38. Qa4 1/2-1/2

[Event "SW Oberhausen 1 - SF Buer 1"]
[Site "Verbandsklasse, Gruppe 1 2017"]
[Date "2017.09.17"]
[Round "1.3"]
[White "Wilbert, Siegfried"]
[Black "Schwerdtfeger, Joachim"]
[Result "0-1"]
[WhiteElo "1992"]
[BlackElo "1858"]
[PlyCount "96"]
[EventDate "2017.??.??"]

1. c4 e5 2. Nc3 Nf6 3. g3 c6 4. d4 exd4 5. Qxd4 d5 6. Nf3 Be7 7. cxd5 cxd5 8.
e3 Nc6 9. Qa4 O-O 10. Bg2 Bb4 11. O-O Ne4 12. Ne2 Qe7 13. a3 Ba5 14. b4 Bb6 15.
Qb3 Be6 16. Nf4 Rad8 17. Bb2 d4 18. Nxe6 fxe6 19. exd4 Rxf3 20. Qxf3 Nd2 21.
Qe2 Nxf1 22. Kxf1 Nxd4 23. Qg4 Nf5 24. Rd1 Rd7 25. Be4 Qf7 26. Kg2 Nh6 27.
Bxh7+ Kxh7 28. Qe4+ Kg8 29. Rxd7 Qxd7 30. Qg6 Qd5+ 31. Kh3 Qf5+ 32. Qxf5 exf5
33. f4 Kf7 34. Kg2 Ng4 35. h3 Ne3+ 36. Kf3 Nc4 37. Bc1 Bd4 38. g4 Ke6 39. a4
Bb2 40. Be3 Nxe3 41. Kxe3 Bc1+ 42. Kf3 a6 43. b5 a5 44. h4 g6 45. h5 fxg4+ 46.
Kxg4 gxh5+ 47. Kxh5 Bxf4 48. Kg4 Bc7 0-1

[Event "SW Oberhausen 1 - SF Buer 1"]
[Site "Verbandsklasse, Gruppe 1 2017"]
[Date "2017.09.17"]
[Round "1.4"]
[White "Matthes, Severin Johannes"]
[Black "Schorra, Helmut"]
[Result "0-1"]
[WhiteElo "1822"]
[BlackElo "2047"]
[PlyCount "62"]
[EventDate "2017.??.??"]

1. e4 c5 2. Nf3 d6 3. d4 cxd4 4. Nxd4 Nf6 5. Nc3 a6 6. Bg5 e6 7. f4 Be7 8. Qf3
Qc7 9. O-O-O Nbd7 10. g4 h6 11. Bxf6 Nxf6 12. g5 hxg5 13. fxg5 Nh7 14. h4 g6
15. Bh3 Nf8 16. Rdf1 Rh7 17. Bg4 Bd7 18. h5 O-O-O 19. hxg6 Rxh1 20. Qxh1 fxg6
21. Kb1 Qc5 22. Nf3 Bxg5 23. e5 Be7 24. Ne4 Qb4 25. exd6 Bxd6 26. Nfg5 Bc6 27.
Nxe6 Nxe6 28. Bxe6+ Kb8 29. Re1 Be5 30. Bb3 Bxe4 31. a3 Qxb3 0-1

[Event "SW Oberhausen 1 - SF Buer 1"]
[Site "Verbandsklasse, Gruppe 1 2017"]
[Date "2017.09.17"]
[Round "1.5"]
[White "Ebert, Manfred"]
[Black "Kuckelkorn, Joerg"]
[Result "1-0"]
[WhiteElo "1900"]
[BlackElo "1831"]
[PlyCount "81"]
[EventDate "2017.??.??"]

1. c4 f5 2. g3 Nf6 3. Bg2 g6 4. Nc3 Bg7 5. d3 Nc6 6. e4 d6 7. Nge2 e5 8. O-O
O-O 9. f4 Rb8 10. h3 a6 11. a4 Nd4 12. Rb1 Bd7 13. b4 b5 14. axb5 axb5 15. Kh2
Qe8 16. fxe5 dxe5 17. Be3 bxc4 18. dxc4 fxe4 19. Nxd4 exd4 20. Bxd4 Bc6 21. b5
Rd8 22. Ne2 Ba8 23. Rb2 c5 24. bxc6 Qxc6 25. c5 Qc7 26. Qb3+ Kh8 27. Qb6 Qxb6
28. Rxb6 Nd7 29. Rxf8+ Rxf8 30. Bxg7+ Kxg7 31. Nf4 Rc8 32. Rb5 Kf6 33. Rb4 Nxc5
34. Kg1 Re8 35. Rc4 Nb3 36. Rb4 Nd2 37. Kf2 g5 38. Nh5+ Kg6 39. Rb6+ Kxh5 40.
g4+ Kh4 41. Rh6# 1-0

[Event "SW Oberhausen 1 - SF Buer 1"]
[Site "Verbandsklasse, Gruppe 1 2017"]
[Date "2017.09.17"]
[Round "1.6"]
[White "Boecker, Juergen"]
[Black "Seppelfricke, Guido"]
[Result "0-1"]
[WhiteElo "1801"]
[BlackElo "1789"]
[PlyCount "48"]
[EventDate "2017.??.??"]

1. e4 c5 2. Nc3 Nc6 3. f4 e6 4. Nf3 d5 5. d3 Nf6 6. g3 Be7 7. Bg2 O-O 8. O-O
Bd7 9. Ne5 Be8 10. Nxc6 Bxc6 11. e5 Nd7 12. Qe2 f5 13. exf6 Rxf6 14. f5 d4 15.
Bxc6 bxc6 16. fxe6 dxc3 17. exd7 Rxf1+ 18. Kxf1 Qxd7 19. b3 Bf6 20. Be3 Re8 21.
Re1 Bd4 22. Qf3 Bxe3 23. Kg2 Bd4 24. Rf1 Qd5 0-1

[Event "SW Oberhausen 1 - SF Buer 1"]
[Site "Verbandsklasse, Gruppe 1 2017"]
[Date "2017.09.17"]
[Round "1.7"]
[White "Altieri, Dennis"]
[Black "Matthies, Jochen"]
[Result "1/2-1/2"]
[WhiteElo "1700"]
[BlackElo "1785"]
[PlyCount "80"]
[EventDate "2017.??.??"]

1. f4 d5 2. Nf3 Nf6 3. d4 g6 4. e3 Bg7 5. Be2 O-O 6. O-O Nbd7 7. Ne5 Ne4 8. Nd2
Ndf6 9. c3 Nxd2 10. Bxd2 Ne4 11. Be1 e6 12. Qc2 Bd7 13. Nf3 c5 14. Bh4 Qe8 15.
Nd2 Nxd2 16. Qxd2 Rc8 17. Rae1 Bb5 18. Bxb5 Qxb5 19. Be7 Rfe8 20. Bxc5 b6 21.
Ba3 Qc4 22. Ra1 Rc6 23. Rf2 Rec8 24. Qe2 Qa4 25. Qc2 Qc4 26. Qb3 Qd3 27. Re1 a5
28. Qc2 Qc4 29. Qb1 Qa4 30. Rfe2 Bh6 31. e4 dxe4 32. Rxe4 Qc4 33. g3 Rd8 34.
Be7 Rd7 35. Bf6 Bg7 36. Bxg7 Kxg7 37. a3 Qb3 38. R4e2 Rd5 39. Qe4 Qc4 40. Qf3
b5 1/2-1/2

[Event "SW Oberhausen 1 - SF Buer 1"]
[Site "Verbandsklasse, Gruppe 1 2017"]
[Date "2017.09.17"]
[Round "1.8"]
[White "Hibbeln, Christian"]
[Black "Binias, Siegfried"]
[Result "0-1"]
[WhiteElo "1741"]
[BlackElo "1541"]
[PlyCount "83"]
[EventDate "2017.??.??"]

1. d4 Nf6 2. Nc3 d5 3. Bg5 Bf5 4. f3 Nbd7 5. Bh4 c6 6. g4 Bg6 7. g5 Ng8 8. e4
e6 9. Qe2 Be7 10. f4 h6 11. Nf3 Bh5 12. exd5 cxd5 13. Bg2 Bxf3 14. Bxf3 hxg5
15. Bg3 gxf4 16. Bxf4 Ngf6 17. Rg1 g6 18. O-O-O a6 19. Rde1 Rc8 20. Kb1 b5 21.
Qd3 Rg8 22. Rg5 Rc6 23. Bxd5 Nxd5 24. Rxd5 exd5 25. Nxd5 Re6 26. Rxe6 fxe6 27.
Nc7+ Kf7 28. d5 e5 29. Ne6 Qb6 30. Be3 Qb7 31. a3 Nb6 32. d6 Kxe6 33. Bxb6 Bxd6
34. Be3 Qd5 35. Qe2 Qe4 36. Qd2 Rf8 37. b3 Bxa3 38. Ka2 Bb4 39. Qc1 Rc8 40. c4
bxc4 41. Qd1 cxb3+ 42. Kxb3 0-1

[Event "SV Waltrop 1 - SG Drewer 1"]
[Site "Verbandsklasse, Gruppe 1 2017"]
[Date "2017.09.17"]
[Round "1.1"]
[White "Mittmann, Volker"]
[Black "Gasper, Joern"]
[Result "1/2-1/2"]
[WhiteElo "1914"]
[BlackElo "2013"]
[Annotator "Daniel"]
[PlyCount "75"]
[EventDate "2017.??.??"]

1. Nf3 d5 2. d4 c5 3. e3 Nc6 4. b3 cxd4 5. exd4 Bf5 6. Bd3 Bxd3 7. Qxd3 e6 8.
O-O Bd6 9. Re1 Nge7 10. c4 dxc4 11. bxc4 O-O 12. Nc3 Rc8 13. c5 Bb8 14. Be3 Nb4
15. Qb1 $11 Nbd5 16. Ne4 b6 17. g3 h6 18. Qb3 Nxe3 19. Rxe3 Qd5 20. cxb6 Nf5
21. bxa7 Bxa7 22. Ree1 Bxd4 23. Rad1 Qxb3 24. axb3 Bb6 25. Rd7 Rfd8 26. Red1
Kf8 27. Rxd8+ Bxd8 28. Ne5 Bf6 29. Nd7+ Ke7 30. Ndxf6 gxf6 31. b4 Rb8 32. Rb1
Nd4 33. Kf1 Nc2 34. b5 Na3 35. Rb3 Nc2 36. Rb2 Na3 37. Rb3 Nc2 38. Rb2 1/2-1/2

[Event "SV Waltrop 1 - SG Drewer 1"]
[Site "Verbandsklasse, Gruppe 1 2017"]
[Date "2017.09.17"]
[Round "1.2"]
[White "Eckert, Marius"]
[Black "Arnold, Ulrich"]
[Result "1/2-1/2"]
[WhiteElo "2004"]
[BlackElo "1863"]
[PlyCount "86"]
[EventDate "2017.??.??"]

1. d4 Nf6 2. Bf4 e6 3. e3 d5 4. Nf3 Bb4+ 5. c3 Bd6 6. Bg3 O-O 7. Nbd2 c5 8. Bd3
Nc6 9. Ne5 Qc7 10. f4 a6 11. Bh4 Be7 12. Qf3 Nd7 13. Bxe7 Nxe7 14. Qh3 f5 15.
g4 Nxe5 16. fxe5 b5 17. gxf5 Nxf5 18. O-O c4 19. Bxf5 exf5 20. Qh4 Be6 21. Nf3
h6 22. Kh1 Qd8 23. Qf4 Ra7 24. Rg1 Kh7 25. h4 Qe8 26. Rg2 g6 27. Rag1 Rg7 28.
Rg3 a5 29. Ne1 b4 30. Ng2 Rfg8 31. Qf3 g5 32. hxg5 Rxg5 33. Nf4 Rg4 34. Rxg4
fxg4 35. Qg3 Bf5 36. Qh4 Rg5 37. Kh2 Qg8 38. Nh5 Qg6 39. Nf6+ Kg7 40. Kg3 Be4
41. Rf1 Bf3 42. Rf2 Qb1 43. Ne8+ Kg6 1/2-1/2

[Event "SV Waltrop 1 - SG Drewer 1"]
[Site "Verbandsklasse, Gruppe 1 2017"]
[Date "2017.09.17"]
[Round "1.3"]
[White "Nebel, Uwe"]
[Black "Drewes, Martin"]
[Result "1-0"]
[WhiteElo "1843"]
[BlackElo "1944"]
[PlyCount "111"]
[EventDate "2017.??.??"]

1. e4 e5 2. Nf3 Nc6 3. Bb5 a6 4. Bxc6 dxc6 5. d4 exd4 6. Qxd4 Bg4 7. Nbd2 Qxd4
8. Nxd4 O-O-O 9. N4f3 f6 10. O-O Bd6 11. Re1 Bf4 12. h3 Bh5 13. g3 Bh6 14. Kg2
Ne7 15. Nb3 Bxc1 16. Raxc1 Rhe8 17. e5 Nd5 18. exf6 Nxf6 19. Ne5 Nd7 20. Nxd7
Rxd7 21. Rxe8+ Bxe8 22. Re1 Bg6 23. c3 b6 24. Nd4 c5 25. Nf3 Bf7 26. Ne5 Bd5+
27. f3 Re7 28. a3 Re6 29. Kf2 Rd6 30. f4 Rh6 31. h4 Rf6 32. Nf3 h6 33. Re5 Bf7
34. Ke3 Kd7 35. g4 Rd6 36. f5 Bc4 37. g5 Rd3+ 38. Kf4 Kd6 39. gxh6 gxh6 40. Re8
Bd5 41. Ne5 Rd1 42. Rd8+ Ke7 43. Rd7+ Ke8 44. Rxc7 Rf1+ 45. Kg4 Bb3 46. Rc8+
Ke7 47. Ng6+ Kd7 48. Rf8 Bd1+ 49. Kg3 Bc2 50. Ne5+ Ke7 51. Rf7+ Ke8 52. f6 Bb3
53. Re7+ Kd8 54. Rd7+ Kc8 55. f7 Rf5 56. Re7 1-0

[Event "SV Waltrop 1 - SG Drewer 1"]
[Site "Verbandsklasse, Gruppe 1 2017"]
[Date "2017.09.17"]
[Round "1.4"]
[White "Breidenbach, Rolf"]
[Black "Uhlich, Wilfried"]
[Result "1-0"]
[WhiteElo "1861"]
[BlackElo "1806"]
[PlyCount "75"]
[EventDate "2017.??.??"]

1. d4 d5 2. Bf4 Nf6 3. e3 c6 4. c4 e6 5. Nc3 Bd6 6. Bxd6 Qxd6 7. c5 Qc7 8. f4
b6 9. b4 bxc5 10. bxc5 Qa5 11. Qd2 O-O 12. Nf3 Ba6 13. Bxa6 Qxa6 14. h3 Nbd7
15. Kf2 Rab8 16. Rab1 Qa5 17. Qc2 Rfc8 18. Nd2 g6 19. Rhc1 Kg7 20. Kg1 Ng8 21.
Nf3 Ne7 22. g4 h6 23. Kg2 f5 24. Nd1 Qa3 25. Rxb8 Rxb8 26. Rb1 Rxb1 27. Qxb1
Qa6 28. Qb2 Nf6 29. Nf2 Ne4 30. Nxe4 fxe4 31. Ne5 g5 32. fxg5 Ng6 33. Nxg6 Kxg6
34. gxh6 Kxh6 35. Qf2 Kg6 36. h4 Qa4 37. h5+ Kg7 38. g5 1-0

[Event "SV Waltrop 1 - SG Drewer 1"]
[Site "Verbandsklasse, Gruppe 1 2017"]
[Date "2017.09.17"]
[Round "1.5"]
[White "Schaefer, Martin"]
[Black "Sehrbrock, Christoph"]
[Result "1/2-1/2"]
[WhiteElo "1768"]
[BlackElo "1808"]
[PlyCount "142"]
[EventDate "2017.??.??"]

1. e4 e6 2. d4 d5 3. Nc3 Bb4 4. e5 Ne7 5. Bd2 c5 6. Nb5 Bxd2+ 7. Qxd2 O-O 8.
Nd6 cxd4 9. Bd3 Nbc6 10. Nxc8 Rxc8 11. Nf3 Qb6 12. O-O Ng6 13. Qg5 Nb4 14. Bxg6
fxg6 15. Qg4 Nxc2 16. Rac1 d3 17. Qh3 Rc6 18. Ng5 h6 19. Qxd3 Nb4 20. Rxc6 Qxc6
21. Qb3 hxg5 22. Qxb4 Rf5 23. Qd6 Qxd6 24. exd6 d4 25. Rc1 Rd5 26. Kf1 Rxd6 27.
Rc8+ Kh7 28. Rc7 Rb6 29. b3 Ra6 30. Rxb7 Rxa2 31. Rd7 Rb2 32. Rxd4 Rxb3 33. Ra4
Rb7 34. g4 Rf7 35. h3 Rd7 36. Ke2 Rb7 37. Ra6 Re7 38. Ke3 Kg8 39. Ke4 Kf7 40.
Ke5 Rb7 41. f3 Rc7 42. Ra5 Rd7 43. Ra6 Rb7 44. Ra5 Ke7 45. Ra6 Kd7 46. Rd6+ Ke8
47. Ra6 Kd8 48. Rd6+ Rd7 49. Ra6 Rf7 50. Ra3 Re7 51. Ra4 Ke8 52. Ra5 Kf7 53.
Ra6 Rd7 54. Ra4 Rd5+ 55. Ke4 a5 56. Rc4 Rb5 57. Rc8 Kf6 58. Rf8+ Ke7 59. Rg8
Kf7 60. Rc8 e5 61. Ra8 Rc5 62. Ra7+ Kg8 63. Ra8+ Kh7 64. Ra6 Rb5 65. Ra8 Rb4+
66. Kxe5 Ra4 67. Kd5 Ra1 68. Kc4 a4 69. Kb4 Rf1 70. Rf8 Ra1 71. Ra8 Rf1 1/2-1/2

[Event "SV Waltrop 1 - SG Drewer 1"]
[Site "Verbandsklasse, Gruppe 1 2017"]
[Date "2017.09.17"]
[Round "1.6"]
[White "Schwammbach, Frank"]
[Black "Schaepers, Lars"]
[Result "1/2-1/2"]
[WhiteElo "1781"]
[BlackElo "1715"]
[PlyCount "76"]
[EventDate "2017.??.??"]

1. d4 d5 2. c4 e6 3. e3 Nf6 4. a3 c6 5. Nc3 Nbd7 6. Nf3 Bd6 7. c5 Bc7 8. b4 O-O
9. Be2 Re8 10. O-O e5 11. dxe5 Nxe5 12. Bb2 Bf5 13. Nh4 Qd7 14. Nxf5 Qxf5 15.
Qb1 Qe6 16. h3 Rad8 17. Rd1 Ng6 18. Bf1 Qe5 19. g3 Qg5 20. Bg2 h5 21. Ne2 Ne4
22. f4 Qe7 23. Bxe4 Qxe4 24. Qxe4 dxe4 25. Kf2 Ne7 26. g4 hxg4 27. hxg4 Nd5 28.
Ng3 a5 29. bxa5 Bxa5 30. Nf5 Bc3 31. Bxc3 Nxc3 32. Rxd8 Rxd8 33. Nd6 b6 34. Rc1
bxc5 35. Rxc3 Rxd6 36. Rxc5 Rd2+ 37. Kf1 Rd3 38. Kf2 Rd2+ 1/2-1/2

[Event "SV Waltrop 1 - SG Drewer 1"]
[Site "Verbandsklasse, Gruppe 1 2017"]
[Date "2017.09.17"]
[Round "1.7"]
[White "Pennig, Felix"]
[Black "Krolik, Wilfried"]
[Result "1-0"]
[WhiteElo "1704"]
[BlackElo "1488"]
[PlyCount "55"]
[EventDate "2017.??.??"]

1. e4 c5 2. Nc3 Nc6 3. g3 Nf6 4. Bg2 e6 5. d3 d5 6. exd5 exd5 7. Bg5 Be7 8.
Bxf6 Bxf6 9. Nxd5 Bxb2 10. Rb1 Bf6 11. Qe2+ Be7 12. Nxe7 Qxe7 13. Nf3 Qxe2+ 14.
Kxe2 O-O 15. Rhe1 Re8+ 16. Kd2 Rxe1 17. Kxe1 Rb8 18. Ng5 Ne7 19. Ne4 c4 20.
dxc4 b6 21. c5 Bb7 22. cxb6 a6 23. Kf1 Bd5 24. Nc5 Bxa2 25. Rb2 Bc4+ 26. Ke1
Bb5 27. b7 Nf5 28. Rxb5 1-0

[Event "SV Waltrop 1 - SG Drewer 1"]
[Site "Verbandsklasse, Gruppe 1 2017"]
[Date "2017.09.17"]
[Round "1.8"]
[White "Schmidt, Sebastian"]
[Black "Berner, Henri"]
[Result "0-1"]
[WhiteElo "1582"]
[BlackElo "1467"]
[PlyCount "138"]
[EventDate "2017.??.??"]

1. d4 d5 2. c4 c6 3. Nc3 Nf6 4. Nf3 e6 5. Bf4 dxc4 6. a4 Bb4 7. Bd2 Bxc3 8.
Bxc3 b5 9. e3 O-O 10. axb5 cxb5 11. b3 Nd5 12. Ba5 Qe7 13. bxc4 bxc4 14. Bxc4
Nf6 15. Qb3 Nc6 16. O-O Nxa5 17. Rxa5 Bd7 18. Ne5 Rfb8 19. Qa2 Rb7 20. Ra1 Be8
21. Be2 Rab8 22. Bd3 Rb2 23. Qa3 Qb7 24. h3 Rb3 25. Qc1 Rc8 26. Rc5 Rxc5 27.
Qxc5 Nd7 28. Nxd7 Qxd7 29. Qc2 Qb7 30. Rxa7 Qxa7 31. Qxb3 Qa4 32. Qb8 h6 33.
Be4 Qb5 34. Qc8 Qd7 35. Qa8 Qa4 36. Qb8 Qb5 37. Qd6 Qd7 38. Qe5 Qb5 39. d5 exd5
40. Bxd5 Kh8 41. Qf5 Qc5 42. Qh5 Qe7 43. Qf5 Qc5 44. Qf4 Qxd5 45. Kh2 f6 46.
Qb4 Bc6 47. Qg4 Kh7 48. h4 Bd7 49. Qe2 Qe4 50. f4 Bc6 51. Qf2 f5 52. Qe2 Qa4
53. Qf2 Be4 54. Qg3 Qc2 55. Kh3 Qe2 56. Kh2 Qg4 57. Qf2 Kg6 58. Qg3 Qxg3+ 59.
Kxg3 Kh5 60. Kh3 Bd3 61. Kg3 Bf1 62. Kh3 Bxg2+ 63. Kxg2 Kxh4 64. Kh2 Kg4 65.
Kg2 h5 66. Kf2 h4 67. Kg2 h3+ 68. Kh2 g6 69. Kg1 Kf3 0-1

[Event "DJK Wacker Bergeborbeck 1 - SV Welper 2"]
[Site "Verbandsklasse, Gruppe 1 2017"]
[Date "2017.09.17"]
[Round "1.1"]
[White "Marx, Patrick"]
[Black "Landscheidt, Heinz"]
[Result "1/2-1/2"]
[WhiteElo "1953"]
[BlackElo "1852"]
[PlyCount "40"]
[EventDate "2017.??.??"]

1. d4 d5 2. Nf3 Nf6 3. Bf4 c5 4. e3 Nc6 5. c3 Qb6 6. Qb3 c4 7. Qxb6 axb6 8. Na3
Bf5 9. h3 e6 10. Nb5 Kd7 11. Ne5+ Nxe5 12. dxe5 Ne4 13. Nd4 Bg6 14. Be2 Nc5 15.
O-O Na4 16. e4 Bxe4 17. Bc1 Bc5 18. Bd1 Bxd4 19. cxd4 b5 20. Bxa4 bxa4 1/2-1/2

[Event "DJK Wacker Bergeborbeck 1 - SV Welper 2"]
[Site "Verbandsklasse, Gruppe 1 2017"]
[Date "2017.09.17"]
[Round "1.2"]
[White "Dahlhaus, Friedhelm"]
[Black "Teich, Udo"]
[Result "1/2-1/2"]
[WhiteElo "1969"]
[BlackElo "1910"]
[PlyCount "52"]
[EventDate "2017.??.??"]

1. e4 e6 2. d4 d5 3. Nd2 c5 4. exd5 exd5 5. Bb5+ Nc6 6. Ngf3 Bd6 7. O-O Nge7 8.
dxc5 Bxc5 9. Nb3 Bd6 10. Re1 O-O 11. Bg5 h6 12. Bh4 Bg4 13. Bg3 Bxg3 14. hxg3
Qc7 15. Qd2 Rad8 16. Nbd4 Bxf3 17. gxf3 Qb6 18. Bxc6 Nxc6 19. Nb3 a5 20. a4 d4
21. Qd3 Nb4 22. Qc4 d3 23. cxd3 Rxd3 24. Qc5 Qc6 25. Qxc6 Nxc6 26. Re3 Rfd8
1/2-1/2

[Event "DJK Wacker Bergeborbeck 1 - SV Welper 2"]
[Site "Verbandsklasse, Gruppe 1 2017"]
[Date "2017.09.17"]
[Round "1.3"]
[White "Sharma, Danesh"]
[Black "Mombeck, Michael"]
[Result "1/2-1/2"]
[WhiteElo "1863"]
[BlackElo "1970"]
[PlyCount "44"]
[EventDate "2017.??.??"]

1. e4 c5 2. c3 Nf6 3. e5 Nd5 4. d4 cxd4 5. Nf3 Nc6 6. cxd4 d6 7. exd6 e6 8. Bg5
Qb6 9. Qd2 Bxd6 10. Nc3 h6 11. Bh4 Bf4 12. Qc2 O-O 13. Rd1 Re8 14. Be2 Ncb4 15.
Qb3 Bd7 16. O-O Rac8 17. Bg3 Bc6 18. a3 Bxg3 19. fxg3 Nxc3 20. bxc3 Nd5 21.
Qxb6 Nxb6 22. Ne5 Re7 1/2-1/2

[Event "DJK Wacker Bergeborbeck 1 - SV Welper 2"]
[Site "Verbandsklasse, Gruppe 1 2017"]
[Date "2017.09.17"]
[Round "1.4"]
[White "Brandhorst, Dieter"]
[Black "Leimkuehler, Dirk"]
[Result "1-0"]
[WhiteElo "1907"]
[BlackElo "1807"]
[PlyCount "65"]
[EventDate "2017.??.??"]

1. e4 d5 2. exd5 Qxd5 3. Nc3 Qd6 4. Be2 Nf6 5. Nf3 a6 6. O-O Bf5 7. d3 e6 8.
Bg5 Be7 9. Re1 Nc6 10. Qd2 Nd4 11. Nxd4 Qxd4 12. Bf3 Rb8 13. Be3 Qd7 14. Rad1
O-O 15. Qe2 Bb4 16. a3 Bxc3 17. bxc3 Nd5 18. Bd2 Qa4 19. c4 Nf6 20. Rb1 Qxc2
21. Rxb7 Rxb7 22. Bxb7 Bxd3 23. Qe3 Ng4 24. Qg3 Qxc4 25. Bxa6 Qxa6 26. Qxg4
Qxa3 27. Bb4 Qa4 28. Qd4 Bf5 29. Ra1 Qc6 30. Bxf8 Kxf8 31. Qd8+ Qe8 32. Qxc7 e5
33. Rd1 1-0

[Event "DJK Wacker Bergeborbeck 1 - SV Welper 2"]
[Site "Verbandsklasse, Gruppe 1 2017"]
[Date "2017.09.17"]
[Round "1.5"]
[White "Wallhof, Dieter"]
[Black "Schaedlich, Andreas"]
[Result "1-0"]
[WhiteElo "1858"]
[BlackElo "1864"]
[PlyCount "69"]
[EventDate "2017.??.??"]

1. b3 d5 2. e3 Nf6 3. Bb2 e6 4. f4 Nbd7 5. Nf3 b6 6. Bb5 Be7 7. Ne5 O-O 8. Nc6
Qe8 9. O-O a6 10. Be2 Bd6 11. d4 Bb7 12. Ne5 Qe7 13. a4 c5 14. Nd2 Ne4 15. Nxd7
Qxd7 16. Bd3 Rac8 17. Bxe4 dxe4 18. Nc4 Qc7 19. Nxd6 Qxd6 20. Qg4 f6 21. dxc5
bxc5 22. Rfd1 Qe7 23. Rd2 Rcd8 24. Rad1 Bc8 25. Ba3 Rxd2 26. Rxd2 e5 27. f5 Bb7
28. Qd1 Bc8 29. Rd5 Re8 30. Bxc5 Qf7 31. Rd6 Bxf5 32. Rxa6 Bc8 33. Rd6 f5 34.
Rd8 Bb7 35. Rd7 1-0

[Event "DJK Wacker Bergeborbeck 1 - SV Welper 2"]
[Site "Verbandsklasse, Gruppe 1 2017"]
[Date "2017.09.17"]
[Round "1.6"]
[White "Alinsug, Salvadore"]
[Black "Sharma, Rakesh"]
[Result "1/2-1/2"]
[WhiteElo "1774"]
[BlackElo "1858"]
[PlyCount "92"]
[EventDate "2017.??.??"]

1. e4 c5 2. Nf3 Nc6 3. Nc3 g6 4. Bc4 Bg7 5. a3 Nf6 6. O-O O-O 7. d3 d6 8. Be3
Bg4 9. h3 Bxf3 10. Qxf3 Ne5 11. Qe2 Nxc4 12. dxc4 Qb6 13. Rab1 e6 14. Rfd1 Rad8
15. Bg5 h6 16. Be3 Qc6 17. Qf3 Nd7 18. Bf4 Ne5 19. Qe2 a6 20. Bg3 g5 21. h4 Ng6
22. h5 Nf4 23. Bxf4 gxf4 24. Rd3 Kh8 25. Qf3 Bxc3 26. Rxc3 e5 27. Rd1 Rg8 28.
Rcd3 Rg5 29. Rd5 f5 30. exf5 Rdg8 31. f6 Qd7 32. Rxd6 Rxg2+ 33. Qxg2 Rxg2+ 34.
Kxg2 Qg4+ 35. Kf1 Qh3+ 36. Ke1 Kg8 37. Rd8+ Kf7 38. R1d6 e4 39. R8d7+ Kf8 40.
Rg7 Qh1+ 41. Kd2 e3+ 42. Kc3 Qe1+ 43. Kb3 Qa5 44. Rxb7 e2 45. Rb8+ Kf7 46. Rb7+
Kf8 1/2-1/2

[Event "DJK Wacker Bergeborbeck 1 - SV Welper 2"]
[Site "Verbandsklasse, Gruppe 1 2017"]
[Date "2017.09.17"]
[Round "1.7"]
[White "Kleff, Tim"]
[Black "Grimke, Michael"]
[Result "1-0"]
[WhiteElo "1770"]
[BlackElo "1705"]
[PlyCount "71"]
[EventDate "2017.??.??"]

1. d4 d6 2. c4 g6 3. e4 Bg7 4. Nc3 Nc6 5. Be3 Nf6 6. Nf3 O-O 7. h3 a6 8. Qd2
Ne8 9. g4 e6 10. Nh2 f5 11. d5 f4 12. Bxf4 Ne5 13. Be2 Bd7 14. Bg5 Bf6 15. Bh6
Bg7 16. Bxg7 Nxg7 17. g5 Nh5 18. Bxh5 gxh5 19. f4 Nxc4 20. Qe2 Rxf4 21. O-O-O
Qxg5 22. Kb1 Na3+ 23. bxa3 Qe5 24. Rd3 Raf8 25. Rg1+ Kh8 26. Nf3 Qf6 27. Qg2 e5
28. Nd2 Be8 29. Rg3 Bg6 30. Qe2 Rf2 31. Qe3 b5 32. Rxg6 Qh4 33. Rg7 Qf6 34.
Rxc7 Rg8 35. Rxg8+ Kxg8 36. Kc2 1-0